Southville International School and Colleges
Your cart is empty.
  • Cart
  • Lists
    Public lists Eva Luna New books Lux_list list_1
    Your lists Log in to create your own lists
  • Log in to your account
  • Your cookies
  • Search history
Southville International School and Colleges
  • Advanced search
  • Recent comments
  • Most popular
  • Libraries

Log in to your account

Log in with GOOGLE


If you do not have an external account, but do have a local account, you can still log in:

  1. Home
  2. MARC view: Entrepreneurship /
Normal view MARC view ISBD view

Entrepreneurship / (Record no. 13290)

[ view plain ]
MARC details
000 -LEADER
fixed length control field 00616nam a2200229 a 4500
005 - DATE AND TIME OF LATEST TRANSACTION
control field 20140310182427.0
008 - FIXED-LENGTH DATA ELEMENTS--GENERAL INFORMATION
fixed length control field 021015s19uu xx 00 eng d
020 ## - INTERNATIONAL STANDARD BOOK NUMBER
International Standard Book Number 9780071259521
050 ## - LIBRARY OF CONGRESS CALL NUMBER
Classification number HD 62.5
Item number .H577 2008
100 ## - MAIN ENTRY--PERSONAL NAME
Personal name Hisrich, Robert D.
245 ## - TITLE STATEMENT
Title Entrepreneurship /
Statement of responsibility, etc Robert D. Hisrich.
250 ## - EDITION STATEMENT
Edition statement 7th ed.
260 ## - PUBLICATION, DISTRIBUTION, ETC. (IMPRINT)
Place of publication, distribution, etc U.S.A :
Name of publisher, distributor, etc McGraw-Hill, Inc,
Date of publication, distribution, etc 2008.
300 ## - PHYSICAL DESCRIPTION
Extent 648 p. :
Other physical details col. ill.
Dimensions 26 cm.
521 ## - TARGET AUDIENCE NOTE
Target audience note
650 ## - SUBJECT ADDED ENTRY--TOPICAL TERM
Topical term or geographic name as entry element New business enterprises
650 ## - SUBJECT ADDED ENTRY--TOPICAL TERM
Topical term or geographic name as entry element Entrepreneurship
650 ## - SUBJECT ADDED ENTRY--TOPICAL TERM
Topical term or geographic name as entry element Business
General subdivision planning
942 ## - ADDED ENTRY ELEMENTS (KOHA)
Koha item type Books
Source of classification or shelving scheme Library of Congress Classification
Call number prefix Foreign
Holdings
Withdrawn status Lost status Source of classification or shelving scheme Damaged status Home library Current library Shelving location Date acquired Source of acquisition Total Checkouts Full call number Barcode Date last seen Copy number Price effective from Koha item type Total Renewals Date checked out
    Library of Congress Classification   College Library College Library General Circulation Section 01/17/2014 Donation   HD 62.5 .H577 2008 C8641 05/15/2018 1 01/17/2014 Books    
    Library of Congress Classification   College Library College Library General Circulation Section 01/17/2014 Donation 4 HD 62.5 .H577 2008 C15309 05/26/2021 2 01/17/2014 Books 20 04/07/2021

Entrepreneurship /

APA

Hisrich R. D., . (2008). Entrepreneurship. U.S.A: McGraw-Hill, Inc.

Chicago

Hisrich Robert D, . 2008. Entrepreneurship. U.S.A: McGraw-Hill, Inc.

Harvard

Hisrich R. D., . (2008). Entrepreneurship. U.S.A: McGraw-Hill, Inc.

MLA

Hisrich Robert D, . Entrepreneurship. U.S.A: McGraw-Hill, Inc. 2008.

  • Place hold
  • Print
  • Cite
  • Add to your cart (remove)
  • Save record
    BIBTEX Dublin Core MARCXML MARC (non-Unicode/MARC-8) MARC (Unicode/UTF-8) MARC (Unicode/UTF-8, Standard) MODS (XML) RIS
  • More searches
    Search for this title in:
    Other Libraries (WorldCat) Other Databases (Google Scholar) Online Stores (Bookfinder.com) Open Library (openlibrary.org)

Exporting to Dublin Core...

SOUTHVILLE LIBRARY

Southville International School and Colleges Library

1281 Tropical Ave. Cor. Luxembourg St., BF Homes International, Las Pinas City

Tel. No. 8256374 / 252358 Loc. 117/146

Powered by Koha